| 000 | 00853cam a22002655a 4500 | ||
|---|---|---|---|
| 999 |
_c27421 _d27392 |
||
| 005 | 20190520105432.0 | ||
| 008 | 030317r20042003enka frb 001 0 eng d | ||
| 020 | _a9780958239158 | ||
| 020 | _a0958239150 | ||
| 040 |
_aStDuBDS _beng _cStDuBDS _dUk _dEG-ScBUE |
||
| 082 | 0 | 4 |
_a658.404 _bBUR _222 |
| 100 | 1 |
_aBurke, Rory, _d1952- |
|
| 245 | 1 | 0 |
_aProject management : _bplanning and control techniques / _cRory Burke. |
| 250 | _a4th ed., Reprinted ed. | ||
| 260 |
_a[S. L.] : _bBurke Publishing, _c2004. |
||
| 300 |
_aviii, 376 p. : _bill. ; _c24 cm. |
||
| 504 | _aIncludes bibliographical references and index. | ||
| 541 | _aDr. David Kirby ; | ||
| 650 | 7 |
_aIndustrial project management. _2BUEsh |
|
| 650 | 7 |
_aPlanning. _2BUEsh |
|
| 650 | 7 |
_aMethodology. _2BUEsh _924263 |
|
| 651 | _2BUEsh | ||
| 653 |
_bBUSADM _cApril2019 |
||
| 942 | _2ddc | ||